000 00501nam a22001697a 4500
005 20240108113103.0
008 220210b ||||| |||| 00| 0 eng d
020 _a978-93-83971-39-8
041 _aeng
082 _a615.19
100 _aDANIEL,DR. KRATIKA , GOYAL Dr. SWAPNIL ,CHOUDHARY Dr. NAVEEN AND DANIEL Dr. VIVEK
_98283
245 _aDRUG DISCOVERY AND DEVELOPMENT IN MEDICINAL CHEMISTRY
260 _aPUNE
_bNIRALI PRAKASHAN
300 _a1.6;p
650 _aPHARMACY
_xB.PHARMA
942 _cBK
999 _c7896
_d7894